Detik-detik sejarah hidup tuk kenali

Bibliographic Details
Main Author: Abdullah Al-Qari b.Hj.Salleh
Format: Book
Published: Kuala Lumpur : AlHidayah , 2006
Subjects:

MARC

LEADER 00000cam a2200000 7i4500
001 0000051291
005 20150921.0
008 150819
020 |a 9830993418 
090 0 0 |a 012   |b ABU 
100 0 |a Abdullah Al-Qari b.Hj.Salleh 
245 1 0 |a Detik-detik sejarah hidup tuk kenali   |c Abdullah Al-Qari b.Hj Salleh 
260 |a Kuala Lumpur :   |b AlHidayah ,   |c 2006 
300 |a 252pg. 
650 0 |a Biografi 
999 |a 0000923185   |b Book   |c Adult Collection   |e Cawangan Bukit Gambir 
999 |a 0000923186   |b Book   |c Adult Collection   |e Cawangan Bukit Gambir 
999 |a 0000933968   |b Book   |c Adult Collection   |e Cawangan Tangkak 
999 |a 0000933969   |b Book   |c Adult Collection   |e Cawangan Tangkak 
999 |a 0000933970   |b Book   |c Adult Collection   |e Cawangan Tangkak 
999 |a 000923186   |b Book   |c Adult Collection   |e Cawangan Bukit Gambir